RICS Rural Vision (Record no. 121703)
[ view plain ]
| 000 -LEADER | |
|---|---|
| fixed length control field | 00698nam a22002057a 4500 |
| 008 - FIXED-LENGTH DATA ELEMENTS--GENERAL INFORMATION | |
| fixed length control field | 231108s2010 xxk|||||r|||| 00| 0 eng d |
| 041 ## - LANGUAGE CODE | |
| Language code of text/sound track or separate title | eng |
| 110 ## - MAIN ENTRY--CORPORATE NAME | |
| Corporate author | Royal Institution of Chartered Surveyors |
| 245 ## - TITLE STATEMENT | |
| Title | RICS Rural Vision |
| 260 ## - PUBLICATION INFORMATION | |
| Place of publication | London, |
| Publisher | Royal Institution of Chartered Surveyors, |
| Date | November 2010 |
| 300 ## - PHYSICAL DESCRIPTION | |
| Physical description | 15p. |
| 490 ## - SERIES TITLE | |
| Series statement | RICS Policy |
| 520 ## - ABSTRACT | |
| Abstract | Summarises the views and priorities of RICS members in a range of rural policy and practice and sets the scene for RICS policy work in 2011/12. |
| 650 ## - KEYWORDS | |
| Keywords | RURAL |
| 651 ## - SUBJECT ADDED ENTRY--GEOGRAPHIC NAME | |
| Geographic name | United Kingdom |
| 690 ## - BROAD SUBJECT | |
| 9 (RLIN) | 6268 |
| Broad subject | Rural |
| 700 ## - ADDED PERSONAL NAME | |
| Added personal author | Steer, Susan |
| 710 ## - ADDED CORPORATE NAME | |
| Added corporate author | Royal Institution of Chartered Surveyors |
| 942 ## - ADDED ENTRY ELEMENTS (KOHA) | |
| Suppress in OPAC | Do not suppress in OPAC |
| Lost status | Damaged status | Not for loan | Current library | Shelving location | Date acquired | Total Checkouts | Full call number | Date last seen | Price effective from | Koha item type |
|---|---|---|---|---|---|---|---|---|---|---|
| Archives | RICS Boxes | 08/11/2023 | RICS 2010/44 | 08/11/2023 | 08/11/2023 | Reference material |